| 000 | 00484nas a22001577a 4500 | ||
|---|---|---|---|
| 005 | 20251108173344.0 | ||
| 008 | 250721s9999 xx fr 000 0 ara d | ||
| 082 | 1 | 4 | _aم/218.6205 /مجل |
| 245 | 1 | 0 | _aمجلة قضايا اسلاميه معاصره / |
| 264 | 1 |
_aبغداد : _bمركز دراسات فلسفة الدين، |
|
| 310 | _aSemiannual | ||
| 650 | 1 | 7 | _aالاسلام/ دوريات |
| 653 | _aالقضايا/الحداثه | ||
| 942 |
_2ddc _cPER |
||
| 999 |
_c101997 _d101997 |
||